Aguas subterráneas en rocas duras
| Main Author: | |
|---|---|
| Format: | Section = Libro |
| Language: | Undetermined Spanish |
| Published: |
Paris
Unesco
1985
|
| Subjects: |
| LEADER | 00453nam a2200181Ia 4500 | ||
|---|---|---|---|
| 008 | 240829s9999 xx 000 0 und d | ||
| 020 | |a 92-3-301980-2 | ||
| 040 | |a BIBLIOTECA-RUSB/ 551.49 L318 | ||
| 041 | |a spa | ||
| 082 | |a 551.49 L318 | ||
| 100 | 1 | |a Larsson, Ingemar | |
| 245 | 1 | 0 | |a Aguas subterráneas en rocas duras |
| 260 | |a Paris |b Unesco |c 1985 | ||
| 300 | |a 298 p. :il. | ||
| 650 | 7 | |a AGUAS SUBTERRANEAS | |
| 942 | |c BK |2 ddc | ||
| 991 | |a TEXTO | ||
| 999 | |c 2557 | ||